000 00798nam a2200181Ia 4500
003 GCL
005 20240530105411.0
008 140319s9999 xx 000 0 ara d
040 _aGCL /
_cGCL
082 0 4 _a227
_bن ت
100 1 _aصبرى بن عبدالخالق
245 1 0 _aتفسيرالنسائى للامام احمد بن شعيب بن على النسائى صاحب السنن المتوفى - 303 هـ ج1 /
_cصبرى بن عبدالخالق
260 _a[S.N] :
_bمكتبة الشباب ،
_c1990
650 0 4 _aتفسير القران الكريم
700 1 _aسيد بن عباس الجليمى (تحقيق)
700 1 _aالنسائى : ابو عبدالرحمن احمد بن على بن شعيب على بن سنان سن عمر بن بن دينار
942 _2ddc
_cBK
999 _c55669
_d55669